000 00660nam a22001457a 4500
003 OSt
005 20230919194857.0
008 230919b |||||||| |||| 00| 0 eng d
040 _cCO-JMCR
082 0 4 _aC /
_bSUEi
100 1 0 _aInstituto Geográfico Agustín /
_eautor
_942914
245 _aSuelos para Niños /
_cInstitulo Geográfico Agustín
520 _aSimón era un niño al que le encataba explorar la naturaleza. En sus paseos de vacaciones siempre tuvo la fortuna de conocer paisajes espectaculares, con plantas y animales diversos y muy raros. Fue a la selva Amazónica, a la Isla de San ANdrés, al Eje Cafetero y a los nevados.
942 _2ddc
_cBK
999 _c30250
_d16634